000 00765nam a2200241Ia 4500
003 OSt
005 20220925235507.0
006 a|||||r|||| 00| 0
007 ta
008 220923b |||||||| |||| 00| 0 eng d
037 _cGeneral Book
040 _aRTL
_cRTL
_beng
041 _2eng
_aeng
082 _aY9(Z,193).2.N8, M6
100 _aPrasher Rajinder
_9301358
245 0 _aPolice administration
_b Organisation and structure, recruitment & training, unionism & public relations
260 _a New Delhi
_bDeep & Deep Publications
_c1986
300 _a246p
_ccm.
500 _aBibliography: P 241-44
650 _aSociology of Police
942 _hY9(Z,193).2.N8, M6
_cGB
_2CC
999 _c597396
_d597396